The Edinburgh companion to Muriel Spark (Record no. 183561)
[ view plain ]
| 000 -LEADER | |
|---|---|
| fixed length control field | 01434nam a2200349Ia 4500 |
| 245 04 - TITLE STATEMENT | |
| Title | The Edinburgh companion to Muriel Spark |
| 260 ## - PUBLICATION, DISTRIBUTION, ETC. (IMPRINT) | |
| Place of publication | Edinburgh : |
| Name of publisher | Edinburgh University Press, |
| Year of publication | 2010. |
| 300 ## - PHYSICAL DESCRIPTION | |
| Number of Pages | vii, 152 p. |
| 490 1# - SERIES STATEMENT | |
| Series statement | Edinburgh companions to Scottish literature |
| 650 #0 - SUBJECT ADDED ENTRY--TOPICAL TERM | |
| Topical Term | Women and literature |
| 700 1# - ADDED ENTRY--PERSONAL NAME | |
| Personal name | Gardiner, Michael, |
| Personal name | Maley, Willy. |
| 856 40 - ELECTRONIC LOCATION AND ACCESS | |
| Uniform Resource Identifier | http://site.ebrary.com/lib/rucke/Doc?id=10409247 |
No items available.
